| 000 | 00451nam a2200181Ia 4500 | ||
|---|---|---|---|
| 001 | 25420 | ||
| 005 | 20260414151149.0 | ||
| 008 | 260414t2008||||xx |||||||||||||| ||spa|| | ||
| 041 | _aESP | ||
| 082 |
_a346.5 _bO83C 2008 |
||
| 100 |
_aOsterling Parodi, Felipe _eAUT |
||
| 245 | 0 |
_aCompendio de derecho de las obligaciones _b |
|
| 260 | _c2008 | ||
| 300 |
_a1002 páginas : _c24 cm. |
||
| 650 | _aDER | ||
| 654 | _aCDE | ||
| 942 |
_cLIB _dJUS _fJUS _2ddc _n |
||
| 999 |
_c25420 _d25420 |
||